Statistics for Austrian Food by Picture

Click here to take the quiz!

General Stats

  • This quiz has been taken 15 times
  • The average score is 8 of 15

Answer Stats

Answer% Correct
Wiener Schnitzel
93%
Apfelstrudel
86%
Palatschinken
79%
Germknödel
71%
Frittatensuppe
64%
Kaiserschmarrn
64%
Marillenknödel
57%
Kaspressknödelsuppe
50%
Mohnnudeln
50%
Kürbiscremesuppe
43%
Schweinsbraten
43%
Stelze
43%
Brettljause
36%
Semmelknödel
36%
Eiernockerl
29%

Score Distribution

Percentile by Number Answered

Percent of People with Each Score

Your Score History

You have not taken this quiz